Human reliability (Record no. 5193)

000 -LEADER
fixed length control field 00628nam a2200229 a 4500
001 - CONTROL NUMBER
control field 5193
003 - CONTROL NUMBER IDENTIFIER
control field BD-DhUET
008 - FIXED-LENGTH DATA ELEMENTS--GENERAL INFORMATION
fixed length control field 860129s1986 nyua b 001 0 eng
020 ## - INTERNATIONAL STANDARD BOOK NUMBER
International Standard Book Number 0080327745
020 ## - INTERNATIONAL STANDARD BOOK NUMBER
International Standard Book Number 0080339816
040 ## - CATALOGING SOURCE
Original cataloging agency DLC
Transcribing agency DLC
Modifying agency BD-DhUET
082 ## - DEWEY DECIMAL CLASSIFICATION NUMBER
Classification number 620.82
Item number DHI/1986
100 ## - MAIN ENTRY--PERSONAL NAME
Personal name Dhillon, Balbir S.
245 10 - TITLE STATEMENT
Title Human reliability
Remainder of title with human factors
Statement of responsibility, etc. by Balbir S. Dhillon
250 ## - EDITION STATEMENT
Edition statement 1st ed.
260 ## - PUBLICATION, DISTRIBUTION, ETC. (IMPRINT)
Place of publication, distribution, etc. New York
Name of publisher, distributor, etc. Pergamon Press
Date of publication, distribution, etc. 1986
300 ## - PHYSICAL DESCRIPTION
Extent xix,239p.
Other physical details ill.
Dimensions 24 cm.
504 ## - BIBLIOGRAPHY, ETC. NOTE
Bibliography, etc Includes bibliographies
650 #0 - SUBJECT ADDED ENTRY--TOPICAL TERM
Topical term or geographic name as entry element Human engineering
650 #0 - SUBJECT ADDED ENTRY--TOPICAL TERM
Topical term or geographic name as entry element Reliability (Engineering)
942 ## - ADDED ENTRY ELEMENTS (KOHA)
Koha item type General Book
Holdings
Sublocation or collection (holding branch) Piece designation (barcode) Date acquired Withdrawn status Koha normalized classification for sorting Price effective from Koha date last seen Copy number Source of classification or shelving scheme Koha item type Not for loan Lost status Shelving location Koha full call number Damaged status Location (home branch)
Central Library, BUET673022014-11-25 620_000000000000000_82DHI19862014-11-252014-11-251 General Book  Circulation section620.82/DHI/1986 Central Library, BUET
Central Library, BUET673032014-11-25 620_000000000000000_82DHI19862014-11-252014-11-252 General Book  Circulation section620.82/DHI/1986 Central Library, BUET
Central Library, BUET673042014-11-25 620_000000000000000_82DHI19862014-11-252014-11-253 General Book  Circulation section620.82/DHI/1986 Central Library, BUET
Central Library, BUET673052014-11-25 620_000000000000000_82DHI19862014-11-252014-11-254 General Book  Circulation section620.82/DHI/1986 Central Library, BUET